000 00662nam a2200193 4500
001 119903
003 ES-MaACL
005 20230906191422.0
007 t|
008 070214s1963 sp r ||||1| spa d
100 1 _aPinos, T. A.
_9218653
245 1 3 _aEl problema del cáncer gástrico /
_cT. A. Pinos ; con la colaboración de V. Cabré Fiol [et al.] ; Víctor Cónill Montobbio.
260 _aBarcelona [etc.] :
_bed. Científico-Médica,
_c1963.
300 _aXVI, 332 p., 1 lám. :
_bil. ;
_c25 cm.
700 1 _aCabré Fiol, V.
_933268
700 1 _aCónill Montobbio, Víctor.
_940183
852 _aES-MaACL
_jC-23445
_bR.52105
999 _c119903
_d119903